000 00423nam a2200133 a 4500
001 000006061
005 20200929151917.0
008 090826s2004 dr 000 0 spa d
040 _aDO-SdBNP
_bspa
_cBNPHU
100 1 _aSanabia, Aristides
_917066
245 1 0 _aRecopilación de las leyes del trabajo /
_cAristides Sanabia.
260 _a[Ciudad Trujillo, República Dominicana] :
_bRoques,
_c[195?].
300 _a265 p. ;
_c21 cm.
999 _c5857
_d5857